LEADER 01741nam a2200301 i 4500 001 000000214153 003 CaOOAMICUS 005 20230131124059.0 008 120626s1789 it u000 u ita u 026 $ab-na z-a- a-s- tado (3) 1789 (R) 040 $aSeMil$bita 100 1 $aSarnelli, Pompeo,$c.$0(OLS)http://semarc/name/18118 245 10$aGuida de' forestieri per Pozzuoli, Baja, Cuma, e Miseno. Si dà conto preciso di molti edifizj sacri, pubblici e privati non meno greci, che romani. Si descrivono i bagni, e le terme .. 250 $aEdizione novissima corretta con diligenza ed arricchita di molte note. 264 1$aNapoli :$bA spese di Nunzio Rossi,$c1789. 300 $aXI, [1], 215, [1] p., 22 carte di tav., di cui 2 ripieg. :$bill. ;$c12°. 500 $aI nomi dell'autore e dell'illustratore, Antonio Bulifon, dalla pref. 500 $aSegn.: pg6 A-I12 500 $aNelle note citazioni dall'opera di Niccolò Carletti 650 4$aPozzuoli - Guide.$0(OLS)http://semarc/subject/39969 700 1 $aCarletti, Niccolò <1723?-1796?>.$0(OLS)http://semarc/name/76222 700 1 $aBulifon, Antonio,$d<1649-1707>.$0(OLS)http://semarc/name/76224 710 0 $aRossi, Nunzio$c.$0(OLS)http://semarc/name/76223 850 $aSeMil 852 $aSeMil$W1$xVenegono$y1$m4Y II 2 FA$j164581$B164581$CSeMilBibl$Z2$F175581 $8I 996 $6245$aGuida de' forestieri per Pozzuoli, Baja, Cuma, e Miseno. Si dà conto preciso di molti edifizj sacri, pubblici e privati non meno greci, che romani. Si descrivono i bagni, e le terme ..$9(OLS)http://semarc/title/308616 996 $6264$aNapoli :$bA spese di Nunzio Rossi$9(OLS)http://semarc/publisher/52833 LEADER 01062nam a2200253 i 4500 001 000000055224 003 CaOOAMICUS 005 20181122114301.0 008 131029s1972 it u000 u ita u 013 $a26396 040 $aSeMil$bita 100 1 $aGandolfo, Emilio <1919-1999>.$0(OLS)http://semarc/name/934 245 10$aLettera e spirito :$blettura della Bibbia dalle origini cristiane ai nostri giorni /$cEmilio Gandolfo. 260 $aRoma :$bAVE,$c1972. 300 $aIX, 453 p. ;$c21 cm. 490 0 $aPastorale oggi [A.V.E] ;$v5 650 4$aBibbia - Interpretazione - Storia.$0(OLS)http://semarc/subject/723 830 0$aPastorale oggi ;$v5.$0(OLS)http://semarc/title/419919 850 $aSeMil 852 $aSeMil$W1$xVenegono$y1$m2V III 190$j21378$B21378$CSeMilBibl$Z2$F21380 $81 961 $aAcquisto: Casa editrice 996 $6245$aLettera e spirito :$blettura della Bibbia dalle origini cristiane ai nostri giorni$9(OLS)http://semarc/title/85617 996 $6260$aRoma :$bAVE$9(OLS)http://semarc/publisher/30251